Les pays présents sur Blablacar - Statistiques

Statistiques générales
  • Ce quiz a été pris 152 fois
  • Le résultat moyen est 21 sur 24
Statistiques - réponses
Continents Pays % Correct
Europe France
100%
Europe Allemagne
96%
Europe Espagne
95%
Europe Belgique
94%
Europe Italie
92%
Europe Portugal
91%
Europe et Asie Russie
91%
Amérique du Sud Brésil
89%
Europe Royaume-Uni
89%
Europe et Asie Turquie
88%
Europe Pays-Bas
87%
Amérique du Nord Mexique
86%
Europe Pologne
86%
Europe Ukraine
85%
Europe Luxembourg
84%
Europe Roumanie
83%
Europe Slovaquie
83%
Europe Slovénie
83%
Europe Croatie
79%
Europe Hongrie
79%
Europe République Tchèque
79%
Europe Andorre
75%
Europe Serbie
73%
Asie Inde
69%
Aucun quiz correspondant
Distribution des résultats
% des personnes avec chaque résultat
Percentile par nombre de réponses
Votre historique - résultats
Vous n’avez pas pris ce quiz